000 00703nam a2200277Ia 4500
005 20260324114440.0
008 008 260324s9999 xx 000 0 eng d
020 _a9781003121541
037 _aEBOOK
040 _aCRL
040 _beng
040 _cCRL
041 _2eng
041 _aeng
084 _qCRL
100 _aMohiuddin Ahmed; Nour Moustafa; Abu Barkat; Paul Haskell-Dowland
_91150808
245 0 _aNext-Generation Enterprise Security and Governance
260 _bTaylor and Francis
260 _c2022
365 _a
365 _b185
856 _uhttp://www.taylorfrancis.com/books/9781003121541
942 _cEBOOK
999 _c1741010
_d1741010